[Event "FIN-chT 1819"]
[Site "Finland"]
[Date "2019.04.05"]
[Round "9.8"]
[White "Valli, Frans"]
[Black "Galchenko, Vadim"]
[Result "1-0"]
[WhiteElo "2233"]
[BlackElo "2123"]
[PlyCount "159"]
[EventDate "2018.09.15"]
[EventType "team-tourn"]
[EventRounds "11"]
[EventCountry "FIN"]
[SourceTitle "CBM 189 Extra"]
[Source "ChessBase"]
[SourceDate "2019.06.03"]
[SourceVersion "1"]
[SourceVersionDate "2019.06.03"]
[SourceQuality "1"]
[WhiteTeam "Helsinki Comeon"]
[BlackTeam "Jyvaskyla JyS"]
[WhiteTeamCountry "FIN"]
[BlackTeamCountry "FIN"]

1. d4 f5 2. Nf3 Nf6 3. g3 g6 4. Bg2 Bg7 5. 0-0 0-0 6. c4 d6 7. Nc3 Qe8 8. d5 a5 9. Nd4 Na6 10. e4 fxe4 11. Nxe4 Nxe4 12. Bxe4 Bh3 13. Re1 Qf7 14. Be3 Nc5 15. Bh1 a4 16. Qc2 Qf6 17. Rad1 Rae8 18. b4 axb3 19. axb3 e5 20. dxe6 c6 21. b4 Nxe6 22. Nxe6 Rxe6 23. b5 Bg4 24. Rd2 Bf3 25. Bxf3 Qxf3 26. Red1 Be5 27. Rd3 Qf5 28. Qb3 g5 29. bxc6 bxc6 30. Qb6 Qe4 31. c5 d5 32. Rxd5 Bf6 33. Rd7 Qf3 34. Qb3 Rfe8 35. R1d6 Qe4 36. Rc7 Kh8 37. Rcxc6 Qxc6 38. Rxc6 Rxc6 39. Qd5 Rec8 40. Bxg5 Bxg5 41. Qxg5 Rxc5 42. Qf6+ Kg8 43. h4 h5 44. Kg2 R8c6 45. Qd8+ Kg7 46. Qe7+ Kg6 47. Kh3 Rc7 48. Qe6+ Kg7 49. Qd6 Kf7 50. f4 R7c6 51. Qd7+ Kf6 52. Qh7 Ke6 53. Qe4+ Kf7 54. Qd4 Kg6 55. Qd3+ Kf6 56. Qh7 Ke6 57. f5+ Rxf5 58. Qg6+ Rf6 59. Qxh5 Ke7 60. Qe5+ Kf7 61. h5 Rcd6 62. g4 Rfe6 63. Qf5+ Kg7 64. Kh4 Rf6 65. Qg5+ Kh7 66. Qe3 Rfe6 67. Qc5 Rc6 68. Qa7+ Kh8 69. Kg5 Kg8 70. Qd7 Red6 71. Qe8+ Kg7 72. Qe7+ Kg8 73. Kf5 Ra6 74. g5 Ra5+ 75. Ke4 Raa6 76. Ke5 Rdb6 77. Qe8+ Kh7 78. Qf7+ Kh8 79. g6 Ra5+ 80. Kd4 1-0

[Event "FIN-ch"]
[Site "Kalajoki"]
[Date "2015.05.22"]
[Round "8"]
[White "Valli, Frans"]
[Black "Karttunen, Mika"]
[Result "1/2-1/2"]
[WhiteElo "2305"]
[BlackElo "2445"]
[PlyCount "50"]
[EventDate "2015.05.16"]
[EventType "tourn"]
[EventRounds "10"]
[EventCountry "FIN"]
[EventCategory "4"]
[SourceTitle "EXT 2018"]
[Source "ChessBase"]
[SourceDate "2017.10.13"]
[SourceVersion "1"]
[SourceVersionDate "2017.10.13"]
[SourceQuality "1"]

1. d4 e6 2. c4 Bb4+ 3. Nd2 Nf6 4. Ngf3 0-0 5. a3 Be7 6. e4 d5 7. Bd3 c5 8. dxc5 dxe4 9. Nxe4 Nxe4 10. Bxe4 Qxd1+ 11. Kxd1 Bxc5 12. Ke2 f5 13. Bc2 Nc6 14. b4 Nd4+ 15. Nxd4 Bxd4 16. Rb1 e5 17. c5 Be6 18. Bb3 Kf7 19. Rd1 Rfd8 20. Be3 Rac8 21. Bxd4 exd4 22. Kd3 Rc6 23. Bxe6+ Rxe6 24. Re1 Ra6 25. Ra1 Rh6 1/2-1/2

[Event "FIN-ch"]
[Site "Kalajoki"]
[Date "2015.05.18"]
[Round "3"]
[White "Karttunen, Mika"]
[Black "Valli, Frans"]
[Result "1-0"]
[WhiteElo "2445"]
[BlackElo "2305"]
[PlyCount "79"]
[EventDate "2015.05.16"]
[EventType "tourn"]
[EventRounds "10"]
[EventCountry "FIN"]
[EventCategory "4"]
[SourceTitle "EXT 2018"]
[Source "ChessBase"]
[SourceDate "2017.10.13"]
[SourceVersion "1"]
[SourceVersionDate "2017.10.13"]
[SourceQuality "1"]

1. e4 e5 2. Nf3 Nc6 3. d4 exd4 4. Nxd4 Nf6 5. Nxc6 bxc6 6. e5 Qe7 7. Qe2 Nd5 8. c4 Ba6 9. b3 g6 10. f4 Bg7 11. Qf2 Nb6 12. Ba3 Qe6 13. Nd2 Bb7 14. Bd3 0-0-0 15. 0-0 f6 16. Nf3 Kb8 17. Rae1 Rde8 18. Bb2 Qf7 19. a4 d6 20. a5 Nd7 21. exd6 cxd6 22. a6 Nc5 23. Qd4 Nxa6 24. Qxd6+ Ka8 25. Rxe8+ Rxe8 26. f5 g5 27. b4 g4 28. Ne1 Bf8 29. Qxf6 Qxf6 30. Bxf6 Nxb4 31. Bc3 Bc5+ 32. Kh1 Rxe1 33. Rxe1 Nxd3 34. Re8+ Bc8 35. Rxc8+ Kb7 36. Rd8 Nf2+ 37. Kg1 Bb6 38. Bd4 Bxd8 39. Kxf2 Be7 40. Bg7 1-0

[Event "FIN-ch"]
[Site "Kalajoki"]
[Date "2015.05.16"]
[Round "1"]
[White "Valli, Frans"]
[Black "Nyysti, Sampsa"]
[Result "0-1"]
[WhiteElo "2305"]
[BlackElo "2333"]
[PlyCount "84"]
[EventDate "2015.05.16"]
[EventType "tourn"]
[EventRounds "10"]
[EventCountry "FIN"]
[EventCategory "4"]
[SourceTitle "EXT 2018"]
[Source "ChessBase"]
[SourceDate "2017.10.13"]
[SourceVersion "1"]
[SourceVersionDate "2017.10.13"]
[SourceQuality "1"]

1. d4 Nf6 2. c4 c5 3. d5 b5 4. cxb5 a6 5. bxa6 g6 6. Nc3 Bg7 7. Nf3 0-0 8. e4 Qa5 9. Nd2 Bxa6 10. Bxa6 Qxa6 11. Qe2 d6 12. Rb1 Nfd7 13. Qxa6 Nxa6 14. a3 Rab8 15. Nd1 Nc7 16. Ne3 f5 17. f3 fxe4 18. fxe4 Ne5 19. Ndc4 Nd3+ 20. Ke2 Rf2+ 21. Kd1 Rf4 22. Ke2 Rf2+ 23. Kd1 Rf4 24. Ke2 Nxc1+ 25. Rhxc1 Rxe4 26. Nd2 Re5 27. Nf3 Rxe3+ 28. Kxe3 Bh6+ 29. Ke4 Bxc1 30. Rxc1 Rxb2 31. Ra1 Rxg2 32. a4 Rg4+ 33. Kd3 Nxd5 34. a5 c4+ 35. Ke2 Rg2+ 36. Kf1 Ne3+ 37. Ke1 Rb2 38. Nd4 Nd5 39. a6 Nc7 40. a7 Na8 41. Ra4 Kf7 42. Nc6 d5 0-1

[Event "FIN-chT 1415"]
[Site "Finland"]
[Date "2015.03.14"]
[Round "10.3"]
[White "Maki Uuro, Miika"]
[Black "Valli, Frans"]
[Result "1/2-1/2"]
[WhiteElo "2330"]
[BlackElo "2311"]
[PlyCount "58"]
[EventDate "2014.09.27"]
[EventType "team-tourn"]
[EventRounds "11"]
[EventCountry "FIN"]
[SourceTitle "EXT 2016"]
[Source "ChessBase"]
[SourceDate "2015.10.08"]
[SourceVersion "1"]
[SourceVersionDate "2015.10.08"]
[SourceQuality "1"]
[WhiteTeam "Espoo MatSK"]
[BlackTeam "Oulu OSS"]
[WhiteTeamCountry "FIN"]
[BlackTeamCountry "FIN"]

1. d4 d5 2. c4 c6 3. Nf3 Nf6 4. Nc3 dxc4 5. a4 e6 6. e4 Bb4 7. e5 Nd5 8. Bd2 b5 9. axb5 Bxc3 10. bxc3 cxb5 11. Ng5 Nc6 12. Qh5 Qe7 13. h4 Bd7 14. Rh3 a5 15. Rf3 g6 16. Qg4 f5 17. exf6 Nxf6 18. Rxf6 Qxf6 19. Ne4 Qf8 20. Bg5 Ne7 21. Nd6+ Kd8 22. Qe4 Ra7 23. Rxa5 Rxa5 24. Qb7 Ra1+ 25. Ke2 Ra2+ 26. Kd1 Ra1+ 27. Ke2 Ra2+ 28. Kd1 Ra1+ 29. Ke2 Ra2+ 1/2-1/2

[Event "FIN-chT 1415"]
[Site "Finland"]
[Date "2015.03.13"]
[Round "9.3"]
[White "Valli, Frans"]
[Black "Sammalvuo, Tapani"]
[Result "0-1"]
[WhiteElo "2311"]
[BlackElo "2448"]
[PlyCount "68"]
[EventDate "2014.09.27"]
[EventType "team-tourn"]
[EventRounds "11"]
[EventCountry "FIN"]
[SourceTitle "EXT 2016"]
[Source "ChessBase"]
[SourceDate "2015.10.08"]
[SourceVersion "1"]
[SourceVersionDate "2015.10.08"]
[SourceQuality "1"]
[WhiteTeam "Oulu OSS"]
[BlackTeam "Porvoo Velhot"]
[WhiteTeamCountry "FIN"]
[BlackTeamCountry "FIN"]

1. d4 Nf6 2. c4 e6 3. Nc3 Bb4 4. Qc2 c5 5. dxc5 0-0 6. a3 Bxc5 7. Nf3 Qb6 8. e3 Qc7 9. Be2 a6 10. 0-0 b6 11. e4 Nc6 12. Bg5 Ng4 13. Bh4 Nd4 14. Bg3 Qxg3 15. hxg3 Nxc2 16. Ra2 f5 17. exf5 Bxf2+ 18. Rxf2 Nce3 19. fxe6 dxe6 20. b4 e5 21. Rd2 Bb7 22. Rd7 Rab8 23. Bd3 Nxf2 24. Kxf2 Ng4+ 25. Ke2 Nf6 26. Re7 e4 27. Nxe4 Bxe4 28. Rxe4 Nxe4 29. Bxe4 Rf6 30. Ng5 Re8 31. Kd3 g6 32. Bd5+ Kg7 33. Ne4 Rf1 34. c5 Rd1+ 0-1

[Event "Jyvaskyla Winter Weekend A"]
[Site "Jyvaskyla"]
[Date "2015.01.24"]
[Round "2"]
[White "Valli, Frans"]
[Black "Privalov, Vyacheslav N"]
[Result "1-0"]
[WhiteElo "2334"]
[BlackElo "2047"]
[PlyCount "35"]
[EventDate "2015.01.23"]
[EventType "swiss"]
[EventRounds "5"]
[EventCountry "FIN"]
[SourceTitle "EXT 2022"]
[Source "ChessBase"]
[SourceDate "2021.10.06"]
[SourceVersion "1"]
[SourceVersionDate "2021.10.06"]
[SourceQuality "1"]

1. d4 d6 2. Nf3 g6 3. c4 Bg7 4. e4 Nd7 5. Nc3 e5 6. Be2 Ne7 7. d5 0-0 8. h4 Nb6 9. h5 f5 10. hxg6 hxg6 11. Bg5 Qe8 12. Qd2 f4 13. 0-0-0 Bd7 14. Rh4 Qf7 15. Rdh1 Rae8 16. Qd1 Nbc8 17. Qg1 c6 18. Qh2 1-0

[Event "Raahe We RaahLi"]
[Site "Raahe"]
[Date "2014.11.02"]
[Round "4"]
[White "Marjusaari, Eero"]
[Black "Valli, Frans"]
[Result "1/2-1/2"]
[WhiteElo "2090"]
[BlackElo "2328"]
[PlyCount "46"]
[EventDate "2014.11.01"]
[EventType "swiss"]
[EventRounds "5"]
[EventCountry "FIN"]
[SourceTitle "EXT 2022"]
[Source "ChessBase"]
[SourceDate "2021.10.06"]
[SourceVersion "1"]
[SourceVersionDate "2021.10.06"]
[SourceQuality "1"]

1. e4 e5 2. Nf3 Nc6 3. Bc4 Bc5 4. c3 Nf6 5. d4 exd4 6. cxd4 Bb4+ 7. Bd2 Nxe4 8. Bxb4 Nxb4 9. Bxf7+ Kxf7 10. Qb3+ Kf8 11. Qxb4+ Qe7 12. Qxe7+ Kxe7 13. 0-0 Re8 14. Re1 Kf8 15. Nc3 Nxc3 16. bxc3 d6 17. Rxe8+ Kxe8 18. Re1+ Kf8 19. d5 Bd7 20. Nd4 Kf7 21. f4 g6 22. Kf2 Kf6 23. Rb1 b6 1/2-1/2

[Event "Raahe We RaahLi"]
[Site "Raahe"]
[Date "2014.11.01"]
[Round "3"]
[White "Valli, Frans"]
[Black "Sammalvuo, Tapani"]
[Result "1/2-1/2"]
[WhiteElo "2328"]
[BlackElo "2409"]
[PlyCount "81"]
[EventDate "2014.11.01"]
[EventType "swiss"]
[EventRounds "5"]
[EventCountry "FIN"]
[SourceTitle "EXT 2022"]
[Source "ChessBase"]
[SourceDate "2021.10.06"]
[SourceVersion "1"]
[SourceVersionDate "2021.10.06"]
[SourceQuality "1"]

1. d4 Nf6 2. c4 e6 3. Nc3 Bb4 4. Qc2 c5 5. dxc5 0-0 6. Nf3 Na6 7. g3 Nxc5 8. Bg2 Nce4 9. 0-0 Bxc3 10. bxc3 d6 11. Nd4 Nc5 12. Rb1 Bd7 13. Bg5 Ba4 14. Qc1 Rb8 15. Qa3 Qd7 16. Bxf6 gxf6 17. Rb4 Rfd8 18. Rfb1 b6 19. Nb5 Bc2 20. R1b2 a5 21. Rxc2 axb4 22. cxb4 Nb7 23. Qa7 d5 24. a4 dxc4 25. Rxc4 Qd1+ 26. Bf1 Nd6 27. Rg4+ Kf8 28. Nd4 f5 29. Nxe6+ fxe6 30. Qg7+ Ke8 31. Qg8+ Kd7 32. Rg7+ Kc6 33. Qxe6 Rbc8 34. Qe5 Rd7 35. Qc3+ Kd5 36. Qf3+ Ke6 37. Qe3+ Ne4 38. Qh6+ Nf6 39. Qe3+ Ne4 40. Qh6+ Nf6 41. Qe3+ 1/2-1/2

[Event "Heart of Finland op 24th"]
[Site "Jyvaskyla"]
[Date "2014.07.09"]
[Round "4"]
[White "Hallman, Valo"]
[Black "Valli, Frans"]
[Result "0-1"]
[WhiteElo "1953"]
[BlackElo "2297"]
[PlyCount "80"]
[EventDate "2014.07.07"]
[EventType "swiss"]
[EventRounds "9"]
[EventCountry "FIN"]
[SourceTitle "CBM 161 Extra"]
[Source "ChessBase"]
[SourceDate "2014.08.29"]
[SourceVersion "1"]
[SourceVersionDate "2014.08.29"]
[SourceQuality "1"]

1. d4 d5 2. Nc3 Nf6 3. Bg5 Nbd7 4. f3 c6 5. e4 dxe4 6. Bxf6 Nxf6 7. fxe4 e5 8. dxe5 Qxd1+ 9. Rxd1 Ng4 10. Nf3 Bc5 11. Rd2 Be3 12. Re2 Bc1 13. Nd1 Be6 14. h3 Nh6 15. Nd4 Bf4 16. Nxe6 fxe6 17. g4 Nf7 18. Bg2 Nxe5 19. 0-0 Rf8 20. Nc3 Ke7 21. Ree1 Bd2 22. Rxf8 Rxf8 23. Rf1 Bxc3 24. Rxf8 Kxf8 25. bxc3 g5 26. Kf2 Ke7 27. Ke3 Kd6 28. Bf1 Nd7 29. Kd4 c5+ 30. Ke3 Ne5 31. Be2 Nf7 32. Bd3 Ke5 33. c4 Nd6 34. c3 Nc8 35. Bc2 Nb6 36. Bb3 Kf6 37. Kf3 Nd7 38. Kf2 Ne5 39. Ke2 Ng6 40. Kf3 Ke5 0-1

[Event "Heart of Finland op 24th"]
[Site "Jyvaskyla"]
[Date "2014.07.08"]
[Round "3"]
[White "Valli, Frans"]
[Black "Filippov, Sergey B"]
[Result "1/2-1/2"]
[WhiteElo "2297"]
[BlackElo "2044"]
[PlyCount "47"]
[EventDate "2014.07.07"]
[EventType "swiss"]
[EventRounds "9"]
[EventCountry "FIN"]
[SourceTitle "CBM 161 Extra"]
[Source "ChessBase"]
[SourceDate "2014.08.29"]
[SourceVersion "1"]
[SourceVersionDate "2014.08.29"]
[SourceQuality "1"]

1. d4 Nf6 2. c4 e6 3. Nc3 Bb4 4. Qc2 d5 5. cxd5 exd5 6. Bg5 h6 7. Bxf6 Qxf6 8. a3 Bxc3+ 9. Qxc3 c6 10. e3 0-0 11. Nf3 Bf5 12. Be2 Nd7 13. 0-0 Rfe8 14. Rfc1 Rac8 15. b4 b5 16. a4 a6 17. axb5 axb5 18. Ra6 Nb8 19. Rb6 Qe7 20. Ne5 Qa7 21. Qc5 Rxe5 22. Rxb8 Qxb8 23. dxe5 Qxe5 24. h3 1/2-1/2

[Event "Jyvaskyla We JyS"]
[Site "Jyvaskyla"]
[Date "2014.01.26"]
[Round "5"]
[White "Valli, Frans"]
[Black "Jarvenpaa, Jari"]
[Result "1-0"]
[WhiteElo "2288"]
[BlackElo "2287"]
[PlyCount "63"]
[EventDate "2014.01.24"]
[EventType "swiss"]
[EventRounds "5"]
[EventCountry "FIN"]
[SourceTitle "EXT 2022"]
[Source "ChessBase"]
[SourceDate "2021.10.06"]
[SourceVersion "1"]
[SourceVersionDate "2021.10.06"]
[SourceQuality "1"]

1. c4 Nf6 2. Nc3 e6 3. e4 c5 4. e5 Ng8 5. d4 cxd4 6. Qxd4 Nc6 7. Qe4 d6 8. Nf3 dxe5 9. Nxe5 Nf6 10. Nxc6 Qb6 11. Qf3 bxc6 12. g3 Bb7 13. Bg2 Qd4 14. Qe2 Qg4 15. Bf3 Qg6 16. 0-0 Bb4 17. Nb5 0-0 18. a3 Be7 19. Bf4 Rfd8 20. Rad1 Ne8 21. Rxd8 Bxd8 22. Rd1 Bg5 23. Bxg5 Qxg5 24. Rd7 Rd8 25. Rxb7 cxb5 26. cxb5 Qc5 27. Qe3 Qc2 28. Qxa7 Nd6 29. Rb8 Nc8 30. b6 g6 31. Qc7 Rd1+ 32. Kg2 1-0

[Event "Jyvaskyla We JyS"]
[Site "Jyvaskyla"]
[Date "2014.01.26"]
[Round "4"]
[White "Valli, Frans"]
[Black "Nevanlinna, Risto"]
[Result "1-0"]
[WhiteElo "2288"]
[BlackElo "2228"]
[PlyCount "95"]
[EventDate "2014.01.24"]
[EventType "swiss"]
[EventRounds "5"]
[EventCountry "FIN"]
[SourceTitle "EXT 2022"]
[Source "ChessBase"]
[SourceDate "2021.10.06"]
[SourceVersion "1"]
[SourceVersionDate "2021.10.06"]
[SourceQuality "1"]

1. c4 b6 2. Nc3 e6 3. g3 Bb7 4. e4 Bb4 5. Nge2 f5 6. Bg2 Nf6 7. Qc2 0-0 8. 0-0 Bxc3 9. Nxc3 fxe4 10. Nxe4 Nc6 11. b3 Nb4 12. Qb1 Bxe4 13. Bxe4 Nxe4 14. Qxe4 Qf6 15. d4 d5 16. Qe2 dxc4 17. Ba3 Nc6 18. Bxf8 Nxd4 19. Qxc4 Nf3+ 20. Kg2 Rxf8 21. Rad1 c5 22. Qe4 Qh6 23. Rh1 Ng5 24. Qg4 Qf6 25. Rhf1 Nf3 26. b4 Qf7 27. bxc5 bxc5 28. Qe4 Ng5 29. Qe3 Nf3 30. Rd6 Qb7 31. Qxe6+ Kh8 32. Qd5 Qe7 33. Rd7 Qf6 34. Qxc5 Ne5 35. Re7 Qf3+ 36. Kg1 Ng4 37. Qd4 Nf6 38. Qxa7 Nh5 39. Rfe1 Nf4 40. gxf4 Qg4+ 41. Kf1 Qh3+ 42. Ke2 Qh5+ 43. Ke3 Qh3+ 44. f3 Qh4 45. Kd3 Qxf4 46. Qd4 Qxf3+ 47. Kc2 Rc8+ 48. Kb2 1-0

[Event "Jyvaskyla We JyS"]
[Site "Jyvaskyla"]
[Date "2014.01.25"]
[Round "3"]
[White "Hartio, Ilkka"]
[Black "Valli, Frans"]
[Result "0-1"]
[WhiteElo "2065"]
[BlackElo "2288"]
[PlyCount "94"]
[EventDate "2014.01.24"]
[EventType "swiss"]
[EventRounds "5"]
[EventCountry "FIN"]
[SourceTitle "EXT 2022"]
[Source "ChessBase"]
[SourceDate "2021.10.06"]
[SourceVersion "1"]
[SourceVersionDate "2021.10.06"]
[SourceQuality "1"]

1. Nf3 d5 2. g3 c6 3. Bg2 Bg4 4. c4 e6 5. cxd5 exd5 6. 0-0 Nd7 7. d4 Ngf6 8. Qb3 Qb6 9. Qe3+ Be7 10. b3 Nf8 11. Ba3 Ne6 12. Bxe7 Kxe7 13. Rd1 Rhe8 14. Nc3 Kf8 15. Qd3 Re7 16. Rac1 Rae8 17. h3 Bh5 18. Nh4 g5 19. Nf3 Kg7 20. Qd2 h6 21. g4 Bg6 22. e3 Rh8 23. Ne5 Nf8 24. f4 Be4 25. Nxe4 Nxe4 26. Bxe4 dxe4 27. f5 f6 28. Nc4 Qc7 29. Qg2 Nd7 30. Kf2 b5 31. Nd2 Nb6 32. a3 Nd5 33. Nb1 b4 34. a4 h5 35. Rh1 hxg4 36. hxg4 Ree8 37. Nd2 Nf4 38. exf4 e3+ 39. Kg1 Qxf4 40. Nf3 e2 41. Kf2 Qe3+ 42. Kg3 Qf4+ 43. Kf2 Qe3+ 44. Kg3 Rh4 45. Qg1 Rxg4+ 46. Kxg4 Qf4+ 47. Kh3 Qxf3+ 0-1

[Event "FIN-ch"]
[Site "Helsinki"]
[Date "2014.??.??"]
[Round "9"]
[White "Pohjala, Henri"]
[Black "Valli, Frans"]
[Result "1/2-1/2"]
[WhiteElo "2367"]
[BlackElo "2281"]
[PlyCount "27"]
[EventDate "2014.06.??"]
[EventType "tourn"]
[EventRounds "9"]
[EventCountry "FIN"]
[EventCategory "4"]
[SourceTitle "EXT 2017"]
[Source "ChessBase"]
[SourceDate "2016.10.25"]
[SourceVersion "1"]
[SourceVersionDate "2016.10.25"]
[SourceQuality "1"]

1. d4 d5 2. Nf3 Nf6 3. g3 Bf5 4. Bg2 e6 5. 0-0 Be7 6. c4 c6 7. Nc3 h6 8. Nd2 0-0 9. e4 dxe4 10. Ndxe4 Nbd7 11. Qe2 Nxe4 12. Bxe4 Bxe4 13. Nxe4 Nf6 14. Rd1 1/2-1/2

[Event "Mikkeli We MikkSK MikkSK 70"]
[Site "Mikkeli"]
[Date "2014.??.??"]
[Round "4"]
[White "Ronka, Erik"]
[Black "Valli, Frans"]
[Result "1-0"]
[WhiteElo "2127"]
[BlackElo "2288"]
[PlyCount "57"]
[EventDate "2014.??.??"]
[EventType "swiss"]
[EventRounds "5"]
[EventCountry "FIN"]
[SourceTitle "EXT 2022"]
[Source "ChessBase"]
[SourceDate "2021.10.06"]
[SourceVersion "1"]
[SourceVersionDate "2021.10.06"]
[SourceQuality "1"]

1. d4 d5 2. c4 c6 3. Nc3 e6 4. Nf3 dxc4 5. a4 Bb4 6. e3 b5 7. Bd2 a5 8. axb5 Bxc3 9. Bxc3 cxb5 10. b3 Bb7 11. bxc4 b4 12. Bb2 Nf6 13. Bd3 0-0 14. 0-0 Nbd7 15. Nd2 Qc7 16. Bc2 e5 17. d5 Rfc8 18. e4 Ba6 19. Ba4 Nb6 20. Bc6 Nxc4 21. Nxc4 Bxc4 22. Bxa8 Bxf1 23. Rc1 Bc4 24. Bc6 Ba6 25. d6 Qb6 26. d7 Rd8 27. Bxe5 Bb5 28. Bxb5 Qxb5 29. Rc8 1-0

[Event "FIN-ch"]
[Site "Helsinki"]
[Date "2014.??.??"]
[Round "1"]
[White "Valli, Frans"]
[Black "Agopov, Mikael"]
[Result "0-1"]
[WhiteElo "2281"]
[BlackElo "2413"]
[PlyCount "96"]
[EventDate "2014.06.??"]
[EventType "tourn"]
[EventRounds "9"]
[EventCountry "FIN"]
[EventCategory "4"]
[SourceTitle "EXT 2017"]
[Source "ChessBase"]
[SourceDate "2016.10.25"]
[SourceVersion "1"]
[SourceVersionDate "2016.10.25"]
[SourceQuality "1"]

1. Nf3 Nf6 2. c4 g6 3. Nc3 d5 4. cxd5 Nxd5 5. e4 Nxc3 6. dxc3 Qxd1+ 7. Kxd1 f6 8. Kc2 e5 9. Be3 Be6 10. Nd2 Nd7 11. Bc4 Kf7 12. Bxe6+ Kxe6 13. Nb3 b6 14. Rhd1 Be7 15. a4 a6 16. Rd5 f5 17. Rad1 Nf6 18. exf5+ gxf5 19. R5d3 c5 20. c4 f4 21. Bc1 Rhg8 22. g3 e4 23. R3d2 f3 24. Re1 Kf5 25. Rdd1 Rgd8 26. h3 h5 27. Be3 a5 28. Nd2 Bd6 29. Nb1 Be5 30. Nc3 Bd4 31. Nb5 Bxe3 32. Rxe3 Rxd1 33. Kxd1 Ke5 34. b3 h4 35. g4 Nh7 36. Nc3 Ng5 37. Re1 Rd8+ 38. Kc2 Rd7 39. Rh1 Rd3 40. Nd5 Ne6 41. Nxb6 Nd4+ 42. Kc1 Rc3+ 43. Kd2 Rc2+ 44. Kd1 Rxf2 45. Nd7+ Kf4 46. Nxc5 Ra2 47. Ke1 Ra1+ 48. Kf2 e3# 0-1

[Event "FIN-ch"]
[Site "Helsinki"]
[Date "2014.??.??"]
[Round "6"]
[White "Valli, Frans"]
[Black "Ebeling, Mika"]
[Result "1-0"]
[WhiteElo "2281"]
[BlackElo "2277"]
[PlyCount "77"]
[EventDate "2014.06.??"]
[EventType "tourn"]
[EventRounds "9"]
[EventCountry "FIN"]
[EventCategory "4"]
[SourceTitle "EXT 2017"]
[Source "ChessBase"]
[SourceDate "2016.10.25"]
[SourceVersion "1"]
[SourceVersionDate "2016.10.25"]
[SourceQuality "1"]

1. Nf3 d5 2. d4 Nf6 3. c4 e6 4. Nc3 c5 5. cxd5 exd5 6. Bg5 Be7 7. e3 cxd4 8. Nxd4 0-0 9. Be2 Nc6 10. 0-0 h6 11. Bh4 Be6 12. Nxe6 fxe6 13. Qa4 a6 14. Rad1 b5 15. Qc2 Rc8 16. Qg6 Ne5 17. Qg3 Nc4 18. Qh3 Qb6 19. Rc1 Rc6 20. b3 Ne5 21. Nb1 Rfc8 22. Rxc6 Rxc6 23. Bd1 Qa5 24. e4 dxe4 25. Qe3 Qxa2 26. Nc3 Qb2 27. Nxe4 Nd5 28. Qg3 Qd4 29. Bxe7 Qxe4 30. Ba3 Qf4 31. Qh3 b4 32. Bb2 Nc3 33. Qh5 g6 34. g3 Qg5 35. Qh3 Qd2 36. Ba1 Nxd1 37. Bxe5 Nxf2 38. Qh4 Nd3 39. Qd8+ 1-0

[Event "Oulu We OSS"]
[Site "Oulu"]
[Date "2013.12.01"]
[Round "4"]
[White "Wallin, Aleksi"]
[Black "Valli, Frans"]
[Result "1/2-1/2"]
[WhiteElo "2165"]
[BlackElo "2240"]
[PlyCount "156"]
[EventDate "2013.11.30"]
[EventType "swiss"]
[EventRounds "5"]
[EventCountry "FIN"]
[SourceTitle "EXT 2022"]
[Source "ChessBase"]
[SourceDate "2021.10.06"]
[SourceVersion "1"]
[SourceVersionDate "2021.10.06"]
[SourceQuality "1"]

1. c4 c6 2. Nf3 d5 3. e3 Nf6 4. Nc3 a6 5. Qc2 Bg4 6. Ne5 Bh5 7. d4 e6 8. Bd3 Nbd7 9. Nxd7 Qxd7 10. 0-0 Bg6 11. c5 Qc7 12. f4 Bxd3 13. Qxd3 Be7 14. Bd2 0-0 15. b4 Nd7 16. f5 exf5 17. Rxf5 g6 18. Rf3 f5 19. Be1 Nf6 20. Bg3 Qd7 21. Raf1 Rae8 22. a4 Bd8 23. h3 Re6 24. Ne2 Rfe8 25. Nf4 Re4 26. Qd2 Qe7 27. Bf2 Bc7 28. Nd3 Qg7 29. b5 axb5 30. axb5 R4e7 31. Qa2 Ne4 32. bxc6 bxc6 33. Nb4 Qf6 34. h4 Qe6 35. Qa6 Nd2 36. Qxc6 Qxc6 37. Nxc6 Rd7 38. Bg3 Nxf3+ 39. Rxf3 Bd8 40. Nb4 Ba5 41. Nd3 Rb7 42. Be5 Rb1+ 43. Kh2 Bd8 44. h5 Be7 45. Nf4 Kf7 46. Nxd5 Bxc5 47. g4 Rb2+ 48. Kg3 Ba7 49. hxg6+ hxg6 50. gxf5 gxf5 51. e4 Rg8+ 52. Kf4 Bb8 53. Kxf5 Rbg2 54. Bxb8 Rxb8 55. Nf4 Rd2 56. d5 Rbb2 57. Ra3 Rb4 58. Ra7+ Ke8 59. Ra8+ Kd7 60. Ra7+ Ke8 61. Ra6 Rdd4 62. Re6+ Kd7 63. Ng6 Kc7 64. Rc6+ Kd8 65. Rd6+ Kc7 66. Re6 Ra4 67. Rc6+ Kd8 68. Re6 Kc7 69. Ne7 Kd7 70. Nc6 Rd1 71. Ke5 Rh1 72. Re7+ Kc8 73. Kd6 Rh6+ 74. Kc5 Ra1 75. Re8+ Kc7 76. Re7+ Kc8 77. Re8+ Kc7 78. Re7+ Kc8 1/2-1/2

[Event "EU-Cup 29th"]
[Site "Rhodes"]
[Date "2013.10.20"]
[Round "1.3"]
[White "Laznicka, Viktor"]
[Black "Valli, Frans"]
[Result "1-0"]
[WhiteElo "2666"]
[BlackElo "2282"]
[PlyCount "85"]
[EventDate "2013.10.20"]
[EventType "team-swiss"]
[EventRounds "7"]
[EventCountry "GRE"]
[SourceTitle "CBM 157"]
[Source "ChessBase"]
[SourceDate "2013.11.12"]
[SourceVersion "1"]
[SourceVersionDate "2013.11.12"]
[SourceQuality "1"]
[WhiteTeam "Novy Bor"]
[BlackTeam "Porvoo Velhot"]
[WhiteTeamCountry "CZE"]
[BlackTeamCountry "FIN"]

1. c4 c6 2. Nf3 d5 3. e3 Nf6 4. Nc3 a6 5. b3 Bg4 6. h3 Bh5 7. Bb2 Nbd7 8. g4 Bg6 9. Nh4 e6 10. Nxg6 hxg6 11. Qe2 Qa5 12. Bg2 Ba3 13. Bxa3 Qxa3 14. 0-0 g5 15. f4 gxf4 16. Rxf4 Qd6 17. Raf1 0-0-0 18. d4 dxc4 19. bxc4 e5 20. c5 Qe6 21. R4f2 exd4 22. exd4 Qxe2 23. Rxe2 g5 24. Rf5 Rhg8 25. Re7 Rde8 26. Rxf7 Re1+ 27. Kh2 Rge8 28. d5 cxd5 29. Nxd5 Nxd5 30. Rxd5 Ne5 31. Rf2 Re3 32. Rf5 Nd3 33. Rxg5 Nf4 34. Rdf5 Ne6 35. Rg6 Rd8 36. Rf2 Nxc5 37. Rc2 Re5 38. h4 Kb8 39. h5 Ne6 40. Rf2 Rh8 41. Rf7 Re2 42. Rxb7+ Kc8 43. Re7 1-0